| 000 | 01131nam a2200229 i 4500 | ||
|---|---|---|---|
| 001 | 21555 | ||
| 003 | ES-MaACL | ||
| 005 | 20250713041031.0 | ||
| 007 | t| | ||
| 008 | 021126s1905 sp af |||| | spa d | ||
| 245 | 0 | 0 |
_aÁlbum cervantino aragonés de los trabajos literarios y artísticos con que se ha celebrado en Zaragoza y Pedrola el III Centenario de la edición príncipe del Quijote / _cpublícalo la Excma. Sra. Duquesa de Villahermosa ; [prólogo de José Ramón Mélida]. |
| 260 |
_aMadrid : _b[s.n.], _c1905 ( _fViuda e Hijos de M. Tello) |
||
| 300 |
_aXV, 224 p., XXVII h. de lám. : _bil. ; _c32 cm. |
||
| 530 | _aDisponible en formato digital. | ||
| 600 | 1 | 4 |
_aCervantes Saavedra, Miguel de, _d1547-1616. _tDon Quijote de la Mancha- _vAniversarios y centenarios _937614 |
| 700 | 1 |
_aVillahermosa, María del Carmen Aragón, _cDuquesa de, _d1841-1905 _9159352 |
|
| 700 | 1 |
_aMélida y Alinari, José Ramón, _d1856-1933 _979969 |
|
| 852 |
_aES-MaACL _jB-1143 _cSPB |
||
| 856 |
_uhttp://bdh-rd.bne.es/viewer.vm?id=0000092179&page=1 _yBiblioteca Digital Hispánica |
||
| 942 | _2udc | ||
| 999 |
_c21555 _d21555 |
||